[Event "FIDE-WM Finale"]
[Site "Moskau"]
[Date "2002.01.21"]
[Round "5"]
[White "Ponomariov, R."]
[Black "Ivanchuk, V."]
[Result "1-0"]
[WhiteElo "2727"]
[BlackElo "2717"]
[Annotator "Wiechert,H"]
[PlyCount "127"]
[EventDate "2002.??.??"]
[SourceDate "2001.10.05"]

1. e4 e5 {In jeder Partie etwas Neues!} 2. Nf3 $6 ({
Laut Hartmut Metz muss man hier unbedingt} 2. f4 $3 {
spielen, und ab geht die Post !! ;-)}) 2... Nc6 3. Bb5 {
Ein "lascher" Spanier also :-)} 3... a6 4. Ba4 Nf6 5. O-O Be7 6. Re1 b5 7. Bb3
O-O 8. h3 {Lasch, sog I doch ;-)} (8. c3 {erlaubt den ultrascharfen
Marshall-Angriff, doch das scheint nicht Ponos Ding zu sein ...}) 8... Bb7 9.
d3 d6 10. a3 {Die Idee des Weissen besteht darin, den Zug c2-c3 vorerst
zurueckzustellen. Nach dem Textzug hat der weissfeldrige Laeufer immer noch
das Rueckzugsfeld a2 zur Verfuegung.} 10... Nb8 {Der letzte Schrei, Schwarz
baut sich nach Vorbild des Breyer-Systems auf und macht damit seinen c-Bauern
mobil, je nach Bedarf kann dann c7-c6 oder c7-c5 gezogen werden..} 11. Nbd2
Nbd7 12. Nf1 Re8 {
Das spielt auch der Englaender Michael Adams gern mit Schwarz.} 13. Ng3 c6 {
Die Alternativen:} (13... Nc5 14. Ba2 Ne6 (14... Bf8 15. Ng5 {
1/2-1/2 Manik,M-Berzinsh,R/Prievidza 1998/EXT 99 (15).}) 15. c3 c5 16. Nf5 Bf8
17. Nh2 Rc8 18. Ng4 Nxg4 19. Qxg4 Kh8 20. Qf3 Qd7 21. Ne3 Nf4 22. Nf1 Ne6 23.
Ne3 Nf4 24. Nf1 Ne6 25. Ne3 Nf4 {
1/2-1/2 Svidler,P-Adams,M/Moskau FIDE-WM (4.4) 2001 (25)}) (13... g6 14. Bh6
Bf8 15. Qd2 Nc5 16. Ba2 Bxh6 17. Qxh6 Ne6 18. Rad1 Qe7 19. c3 Qf8 20. Qd2 Nf4
21. d4 Qh6 22. dxe5 dxe5 23. Qe3 Re7 24. Qc5 Rae8 25. c4 Bc8 26. Qe3 Bxh3 27.
cxb5 Ng4 {0-1 Ramesh,R-Vladimirov,E/Sangli 2000/EXT 2001 (27).}) 14. Nh2 $146 {
Eine Neuerung, aber auch eine gute? Bestimmt hatte Ivanchuk aber eineVerstaerku
ng der folgenden Vorgaengerpartie fuer Schwarz praepariert, die sich
Ponomariov lieber nicht zeigen lassen will:} (14. Nf5 Bf8 15. Nh2 d5 16. Qf3
Kh8 17. Bg5 h6 18. Bh4 g6 19. Ne3 g5 20. Bg3 dxe4 21. dxe4 c5 22. Bxf7 Bxe4 23.
Qe2 Re7 24. Bh5 Nxh5 25. Qxh5 Bg7 26. Neg4 Bxc2 27. Nxh6 Qe8 28. Qxg5 Re6 29.
Nf5 Bf6 30. Qg4 Qg8 31. Ne3 Bh7 32. Rad1 Ra7 33. Qe2 c4 34. Neg4 Bg7 35. Nf3
Bd3 36. Qe3 Ra8 37. Ngxe5 Rae8 38. Qd4 Nxe5 39. Bxe5 Bxe5 40. Rxe5 {
1-0 Shirov,A-Adams,M/Wijk aan Zee 1998/CBM 63 (40).}) 14... d5 {
Der programmgemaesse Zentrumsvorstoss.} 15. Qf3 g6 16. Ba2 Bf8 {Das uebliche
Lavieren, Schwarz will seinen Laeufer nun nach g7 postieren, da er dort etwas
aktiver als auf e7 steht.} 17. Bg5 {Weiss will Schwaechen in der schwarzen
Stellung provozieren. Um die laestige Fesselung loszuwerden, muss Schwarz
seinen h-Bauern um ein Feld vorstossen.} 17... h6 18. Bd2 Bg7 19. Ng4 Nxg4 20.
hxg4 {Weiss wuerde nun gerne auf der h-Linie agieren, doch die weissen Figuren
sind dafuer zu unguenstig postiert. Hier hat Schwarz bereits bequemen
Ausgleich.} 20... Nc5 {Der Gaul strebt nach e6, wo er d4 oder f4 (je nach dem!)
in Beschlag nehmen kann.} 21. Rad1 Rc8 22. Nf1 $6 {Ein Tempoverlust.} (22. Ne2
Ne6 23. c3 {war besser, wonach Weiss zumindest noch Ausgleich hat.}) 22... Ne6
23. Qg3 Kh7 24. Nh2 {
Das Eingestaendnis, dass der 22.Zug eine Ungenauigkeit war.} 24... f6 $1 25.
Nf3 c5 {Das schwarze Zentrum kommt ins Rollen!} 26. Qh2 Nd4 {
Ueberschreitet die Demarkationslinie!} 27. Nxd4 cxd4 28. c3 dxc3 29. bxc3 {
Wegen der weissen Bauernschwaechen am Damenfluegel (a3, c3) steht Schwarz klar
besser, wenn nicht gar bereits aufGewinn!} 29... dxe4 30. dxe4 Qe7 {
Wirft einen boesen Blick auf den Krueppelbauern a3.} 31. a4 {Was sonst?} 31...
bxa4 {Ponomariov ist ueberspielt worden und steht nun klar auf Verlust!
Besonders seine Dame steht total bekloppt in der Gegend rum ;-)} 32. Qh3 {
Deckt c3 ;-)} 32... Red8 {Plant Da3 nebst Tc7-d7.} 33. Qf3 Rc7 34. Bc1 Rcd7 35.
Bb1 Qe6 36. Rxd7 {Weiss versucht, das Material moeglichst zu reduzieren, um
seine Remischancen intakt zu halten.} 36... Rxd7 37. Bc2 Bc6 38. Rd1 {
Weiter vereinfachen, heisst die Devise!} 38... Qa2 39. Rxd7 Bxd7 40. Qd1 Bb5 {
Nicht schlecht, aber warum nicht einfach den Bauern rausschlagen?} (40... Bxg4
$1 41. f3 Be6 42. Bxa4 Qc4 {
, und nun hat Schwarz einen "lupenreinen" Mehrbauern!}) 41. Be3 Qc4 42. Kh2 Bc6
43. Qa1 Bf8 44. Bb1 {Strebt an, mit Da2 die Damen zu tauschen. Im
Laeuferendspiel steigen die weissen Remischancen!} 44... a3 45. f3 Qb3 46. Qa2
$1 Ba4 47. Kg3 Kg7 48. Qd2 $3 {Geil gespielt!} 48... g5 (48... Qxb1 $4 49.
Bxh6+ Kg8 50. Qd5+ Kh7 51. Bxf8 Qe1+ 52. Kh3 Qh1+ 53. Kg3 Qe1+ 54. Kh3 {
mit Remis durch Dauerschach.}) 49. Ba2 Qb7 50. Qd3 Be8 51. Qd5 $1 {
Zwingt Schwarz zu tauschen (wegen der Drohung Dg8+).} 51... Qxd5 52. exd5 {
Weiss hat nun zwei Freimoepse, die dem Schwarzen das Leben schwer machen.}
52... a5 (52... Bd6 $5 53. c4 e4+ 54. Kf2 exf3 55. gxf3 h5 56. gxh5 Bxh5 57. c5
Bc7 58. d6 Bb8 59. Bd4 $1 Be8 60. Be6 Bf7 61. Bc8 Bd5 {mit unklaren
Konsequenzen. Aber solche Zuege bei dieser Zeiteinteilung zu finden ist fast
ein Ding der Unmoeglichkeit ....}) 53. c4 Bb4 54. c5 Kf8 55. Kf2 {
Weiss ist dem Remis jetzt wieder ziemlich nah ...} 55... Bb5 $2 {
Verliert ein lebenswichtiges Tempo! Erforderlich war} (55... Ke7 56. c6 Kd6 57.
Ba7 (57. Ke2 Kc7 58. Kd3 h5 $1) 57... Bc5+ 58. Bxc5+ Kxc5 59. Ke3 Kd6 60. Kd2
h5 $1 {, und das schwarze Gegenspiel am Koenigsfluegel sollte zum Remis
reichen, vielleicht ist sogar noch mehr drin!}) 56. c6 Ke7 57. Ba7 $1 Kd8 58.
Bb6+ {Jetzt kommt Schwarz nicht mehr nach c7!} 58... Kc8 59. Ke3 a4 60. Ke4 $3
{Der weisse Koenig dringt entscheidend in die schwarze Stellung ein. Schwarz
ist k.o.!} 60... Be2 (60... Bf1 61. Kf5 Bxg2 62. Bc4 Bd6 63. Ke6 {und fertig.})
61. Kf5 e4 {Verzweiflung oder Galgenhumor, suchen Sie es sich aus!} 62. Ke6
exf3 63. d6 Bxd6 64. Kxd6 {Eine Wahnsinnspartie !!!} (64. Kxd6 Kb8 65. Be6 a2
66. c7+ Kb7 67. Kc5 $3 a1=Q 68. c8=Q#) 1-0

[Event "FIDE-WM Finale"]
[Site "Moskau"]
[Date "2002.01.22"]
[Round "6"]
[White "Ivanchuk, V."]
[Black "Ponomariov, R."]
[Result "1/2-1/2"]
[WhiteElo "2717"]
[BlackElo "2727"]
[Annotator "Wiechert,H"]
[PlyCount "53"]
[EventDate "2002.??.??"]
[SourceDate "2001.10.05"]
[WhiteTeam "Ukraine"]
[BlackTeam "Ukraine"]
[WhiteTeamCountry "UKR"]
[BlackTeamCountry "UKR"]

1. e4 {Das war zu erwarten, nachdem der Damenbauer nicht zu den gewuenschten
Ergebnissen fuer Ivanchuk fuehrte.} 1... e5 2. Nf3 Nf6 {Mal wieder Russisch,
die Remiswaffe, wie massgeschneidert fuer Pono hinsichtlich seines
Zweipunktevorsprungs im WM-Kampf.} 3. Nxe5 (3. d4 {spielte der
Grenke-Schuetzling Peter Svidler gegen den 18-Jaehrigen im Halbfinale der WM,
mit betrueblichem Ausgang:} 3... Nxe4 4. Bd3 d5 5. Nxe5 Nd7 6. Nxd7 Bxd7 7. O-O
Bd6 8. c4 c6 9. cxd5 cxd5 10. Nc3 Nxc3 11. bxc3 O-O 12. Qh5 f5 13. Re1 Qc7 14.
Bd2 Rae8 15. Bc2 g6 16. Qf3 Re4 17. g3 Bb5 18. Bf4 Bxf4 19. gxf4 Qd6 20. Bxe4
fxe4 21. Qg3 Rxf4 22. Rab1 Bd7 23. f3 b6 24. Re3 Qf6 25. Rf1 Bg4 26. Qxg4 Rxg4+
27. fxg4 Qg5 28. Rg3 b5 29. Rf2 Kg7 30. Kg2 a5 31. Rb2 b4 32. cxb4 axb4 33. h3
Qc1 34. Rgb3 Kh6 35. Rxb4 Qd1 36. Kf2 Kg5 37. Re2 Kf4 38. Rb3 Qxd4+ 39. Kg2 Qc4
40. Rf2+ Kg5 41. Rf7 d4 42. h4+ Kxh4 43. Rxh7+ Kxg4 44. Rg3+ Kf5 {
0-1 Svidler,P-Ponomariov,R/FIDE-WM 2001 Moskau/Halbfinale, 3.Partie (44).})
3... d6 4. Nf3 Nxe4 5. d4 d5 6. Bd3 Nc6 7. O-O Be7 8. c4 Nb4 9. Be2 O-O 10. Nc3
Be6 11. Ne5 f6 12. Nf3 Kh8 13. h3 $146 {
Eine Neuerung, die Weiss aber nichts einbringt. Die Alternativen:} (13. Re1 c5
(13... c6 14. a3 Na6 15. cxd5 cxd5 16. Bd3 f5 17. Bf4 Rc8 18. Qb3 Bf6 19. Be5
Qe7 20. Rac1 Bg8 21. Bxa6 bxa6 22. Ne2 Bxe5 23. Nxe5 Rb8 24. Qh3 Rb6 25. Nf4
Bf7 26. f3 g5 27. fxe4 gxf4 28. exf5 Qg5 29. Rc8 Qg7 30. Rxf8+ Qxf8 31. Nd7 Qg7
32. f6 Rxf6 33. Nxf6 Qxf6 34. Kh1 Qxd4 35. Qc3 Qg7 36. Re7 {
1-0 Khalifman,A-Timman,J/Hoogeveen 2000/CBM 80 no vc (36).}) (13... Bg8 14. a3
Nxc3 15. bxc3 Nc6 16. cxd5 Bxd5 17. Bb2 f5 18. Nd2 Bf6 19. c4 Bf7 20. Nb3 b5
21. cxb5 Bxb3 22. Qxb3 Nxd4 23. Qc4 Nxe2+ 24. Qxe2 Bxb2 25. Qxb2 a6 26. Rad1
Qf6 27. Qxf6 Rxf6 28. Re7 axb5 29. Rxc7 h5 30. Rb7 {
1/2-1/2 Lutz,C-Van der Sterren,P/Venlo 2000/CBM 79 no vc (30).}) 14. Be3 (14.
cxd5 Nxc3 (14... Bxd5 15. Nxd5 Qxd5 16. Be3 Rfd8 17. a3 Nc6 18. dxc5 Qxd1 19.
Raxd1 Bxc5 20. Bxc5 Nxc5 21. b4 Ne4 22. Rc1 a6 23. Bxa6 Rxa6 24. b5 Ra4 25.
bxc6 bxc6 26. Rxc6 h6 27. h4 Nd2 28. Nxd2 Rxd2 29. g3 Rxa3 30. Rc7 Ra8 31. Rb7
{1/2-1/2 Fressinet,L-Motylev,A/Bukarest Victor-Ciocaltea-Mem sp 2001 (31).})
15. bxc3 Nxd5 16. c4 Nc3 17. Qd3 cxd4 18. Bf1 Bf7 (18... Bg8 19. Nxd4 Bc5 20.
Be3 Na4 21. Rab1 b6 22. Red1 Qe8 23. Qc2 Rd8 24. Rb5 f5 25. g3 f4 26. gxf4 a6
27. Rbb1 Bxd4 28. Rxd4 Rxd4 29. Bxd4 Rxf4 30. Rd1 Rg4+ 31. Bg2 Qc6 32. f4 Nc5
33. h3 Rg6 34. f5 Rg5 35. Be3 Qf6 36. Bxg5 Qxg5 37. Kh1 h6 38. Rf1 Qh4 39. f6
gxf6 40. Qg6 Nd7 41. Qf5 Qd4 42. Bd5 Bh7 43. Qe6 {
1-0 Brodsky,M-Iordachescu,V/Bukarest Victor-Ciocaltea-Mem sp 2001 (43).}) 19.
Nxd4 Bb4 20. a3 Ba5 21. Nb3 Qxd3 22. Bxd3 Bb6 23. a4 Rfd8 24. Bf1 Nd1 25. c5
Bxb3 26. cxb6 axb6 27. Re4 b5 28. a5 Bc4 29. Re7 Nc3 30. Bb2 Na4 31. Ba3 b6 32.
a6 Rxa6 33. Rae1 h5 34. Bb4 Nc5 35. Bxc5 bxc5 36. Bxc4 bxc4 37. Rc7 Re6 38. Rf1
Rd5 39. g3 Re2 40. Rc1 Rf5 41. Rxc4 Rfxf2 42. Rh4 Rf5 43. g4 Rd5 44. Rxh5+ Rxh5
45. gxh5 Re5 46. h6 gxh6 47. Kf2 Kg8 48. Kf3 Kf8 49. h4 h5 50. Rh7 Ke8 51. Rc7
Kd8 52. Rf7 Rf5+ 53. Ke4 Re5+ 54. Kd3 Rd5+ 55. Kc4 Rf5 56. Kb5 Ke8 57. Rc7 Re5
58. Kc6 c4 59. Kd6 Re4 60. Rc5 Rxh4 61. Ke6 Kd8 62. Kxf6 Kd7 63. Kg5 Kd6 64.
Rc8 Re4 65. Kxh5 Kd5 66. Kg5 Kd4 67. Kf5 Kd3 68. Rc7 Rh4 {
0-1 Malakhov,V-Motylev,A/Elista ch-Russland sp01/6 2001 (68).}) 14... f5 15. a3
(15. cxd5 Nxc3 16. bxc3 Nxd5 17. Bd2 cxd4 18. Nxd4 Bg8 19. Rb1 Qc7 20. Nb5 Qd7
21. c4 {1/2-1/2 Zvjaginsev,V-Motylev,A/Linares Anibal-op sp 2/01 2001 (21).})
15... f4 16. Bd2 Nc6 17. Nxe4 dxe4 18. d5 Bxd5 19. cxd5 exf3 20. dxc6 fxe2 21.
Qxe2 bxc6 22. Bxf4 Bf6 23. Be5 Qe7 24. Bxf6 Qxf6 25. Rac1 Rab8 26. Rc2 h6 27.
Qe5 c4 28. h3 Rb3 29. Qxf6 Rxf6 30. Re3 a5 31. Rec3 Rxc3 32. Rxc3 Rd6 33. Rxc4
Rd1+ 34. Kh2 Rd2 35. b3 Rd3 36. a4 Rxb3 37. Rc5 Ra3 38. Rxa5 c5 {
1/2-1/2 Grischuk,A-Motylev,A/Moskau Fide-WM (2.1) sp02/1 2001 (38).}) (13. cxd5
Nxc3 14. bxc3 Nxd5 15. Bd3 c5 (15... Nxc3 $2 16. Qe1 $1 $18) 16. c4 Nb4 17. d5
Nxd3 18. Qxd3 Bd6 (18... Bf7 19. Bf4 Bd6 20. Bxd6 Qxd6 21. Nh4 (21. a4 {Anand})
21... b5 22. cxb5 Qxd5 23. Qxd5 Bxd5 24. Rfc1 Rfd8 (24... Rfc8 25. Nf5) 25.
Rxc5 (25. Nf5 a6 $1) 25... Bxa2 26. h3 Bf7 (26... Be6 $5 27. Rc7 Rdb8 (27...
Bd7 $2 28. b6 $1) 28. Ra5) 27. Nf5 Rd5 (27... Be8 28. Ra6 $1 {/\Nd6}) (27...
Rd7 28. b6) 28. Rxd5 Bxd5 29. Ra5 (29. Ne7 $1 Bb7 30. Rd1 $1 a5 (30... h6 31.
Rd7 Rb8) 31. Nf5 $1 (31. Rd7 a4 $1) 31... h6 (31... a4 32. Nd6 Bc8 33. b6 Be6 (
33... a3 34. Nxc8 $1 Rxc8 35. b7 Rb8 36. Rc1 $18) 34. Re1 Bd7 35. b7 Rb8 36.
Re7 a3 37. Re3 $1 $18) (31... Kg8 32. Rd7 $1 (32. Nd6 $2 Rd8 $1) 32... Be4 (
32... a4 33. Rxg7+ Kh8 34. Rxb7 a3 35. Nd4 a2 36. Nb3 $18 Ra3 37. Na1 Rc3 $11 {
Tischbierek}) 33. Nd6 Bd5 34. b6 a4 35. b7 $18) 32. Nd6 Rb8 33. Ra1 {><a5})
29... g6 30. Nd4 Bb7 31. Ne6 h5 (31... f5 $1) 32. Nc5 Rb8 (32... Bd5 33. Nd7
Kg7 34. b6 Bc6 35. Rxa7 $1 $18) 33. Nd7 Ra8 (33... Rd8 34. Nxf6 Rd1+ 35. Kh2
Rb1 36. Ne8 $1 {/\Nd6+-}) 34. Nxf6 a6 35. bxa6 Rxa6 36. Rxa6 Bxa6 37. h4 Kg7
38. Ne4 Kf7 39. Kh2 Bd3 (39... Ke6 $2 40. Nc5+) 40. f3 Bf1 (40... Ke6 $2 41.
Nc5+) 41. Kg3 Ke6 42. Nd2 Bd3 43. Kf4 Kf6 44. Ne4+ Kf7 45. Kg5 Bf1 46. g3 Be2
47. Nd2 Kg7 48. f4 Bd1 49. Nc4 Bg4 50. Nd6 Be2 51. f5 gxf5 52. Nxf5+ Kh7 53.
Nd6 Bd1 54. Ne8 Be2 55. Nf6+ {
1-0 Leko,P-Adams,M/Dortmund sp01/9 2001/[Leko] (55).}) (18... b5 $6 19. Re1 Bf7
(19... bxc4 $2 20. Qe4) 20. cxb5 Re8 (20... Bxd5 $2 21. Rxe7) 21. Rd1 $1) 19.
Qb3 (19. dxe6 $140 $4 Bxh2+ $19) 19... Bg4 20. h3 Bh5 21. a4 {
1/2-1/2 Anand,V-Adams,M/Dortmund sp01/9 2001 (21).}) (13. a3 {
Leko-Kramnik (Dortmund 2000, sp 8/2000)} 13... Nxc3 14. bxc3 Nc6 15. Nd2 f5 16.
Re1 Bf6 17. Nb3 b6 18. Bf3 Bg8 19. cxd5 Bxd5 20. Bf4 Rc8 (20... Ne7 21. Be5 c6
22. Bxf6 Rxf6 23. Nc1 Ng6 24. Nd3 h6 25. Ne5 Nh4 26. Bxd5 Qxd5 27. f3 c5 28.
dxc5 {1/2-1/2 Leko,P-Kramnik,V/Dortmund 2000/CBM 78 (28).}) 21. Be5 Qd7 22.
Bxf6 Rxf6 23. Nc1 Re6 24. Rxe6 Qxe6 25. Nd3 Re8 26. h3) (13. Be3 f5 14. a3 Nxc3
15. bxc3 Nc6 16. cxd5 Bxd5 17. Bf4 Bd6 18. Qd2 Bxf3 19. Bxf3 Bxf4 20. Qxf4 Qd6
21. Qxd6 cxd6 22. Rab1 Rab8 23. Rb5 Nd8 24. Re1 g6 25. Kf1 Rc8 26. Rb3 Rc7 27.
Reb1 b6 28. Ke2 Nf7 29. Kd3 Rfc8 30. Re1 Kg7 31. Bd5 Rd8 32. Rb2 Kf8 33. a4
Rdc8 34. c4 Re8 35. Rbe2 Rxe2 36. Rxe2 Nd8 37. Kc3 h6 38. f4 Re7 39. Rxe7 Kxe7
40. Kb4 Kd7 41. a5 Nc6+ 42. Bxc6+ Kxc6 43. axb6 axb6 44. d5+ Kc7 45. h4 Kb8 46.
Ka4 Ka8 47. Kb4 {
1/2-1/2 Milligan,H-Capuano,F/Warschau Damen-EM sp01/6 2001 (47).}) (13. Qb3
Nxc3 14. bxc3 dxc4 15. Bxc4 Bxc4 16. Qxc4 Qd5 17. Qb3 Qxb3 18. axb3 Nd5 19. Re1
Rfe8 20. Bd2 c6 21. c4 Nb6 22. Nh4 Kg8 23. Nf5 Kf7 24. Kf1 Bf8 25. Rxe8 Kxe8
26. Ne3 g6 27. Ke2 f5 28. c5 Nd7 29. Nc4 Bg7 30. Ra4 Kf8 31. Kd3 Bf6 32. Na5 b6
33. cxb6 Nxb6 34. Ra2 Rc8 35. Rc2 Rd8 36. Nxc6 Rd7 37. Bb4+ Kf7 38. Bc5 Nd5 39.
Kc4 Nf4 40. g3 Ne6 41. Ra2 {
/\Ra7. 1-0, Adams,M-Timman,J/Wijk aan Zee 2000 (41).}) 13... f5 $1 {
Raeumt das Feld f6 fuer den Laeufer, von wo aus er Druck auf d4 ausueben kann.}
14. a3 Nc6 15. Nxd5 {
Weiss sichert sich damit das Laeuferpaar, doch d4 wird dafuer sehr schwach.}
15... Bxd5 16. cxd5 Qxd5 17. Qa4 {
Um den Turm nach d1 zur Deckung des Bauern d4 heranziehen zu koennen.} 17...
Bf6 18. Rd1 Rad8 {Erhoeht den Druck auf d4.} 19. Be3 f4 $1 {
Dieser Zug ist genau berechnet und fuehrt zum Ausgleich.} 20. Bxf4 Nxd4 21.
Nxd4 Bxd4 22. Be3 c5 {
Nun muss sich Weiss bereits Sorgen um den Bauern f3 machen.} 23. Bxd4 cxd4 24.
f3 {Erzwungen.} 24... d3 $1 {Fuehrt forciert zum Remis.} 25. Qxe4 {
Sonst wird es zu gefaehrlich fuer Weiss.} 25... Qxe4 26. fxe4 dxe2 27. Rd5 $1 {
Ein genauer Zug, der Weiss das Remis sichert.} (27. Rd5 Rxd5 28. exd5 Rd8 29.
Re1 Rxd5 30. Rxe2 Kg8 {mit Ausgleich.}) 1/2-1/2

[Event "FIDE-WM Finale"]
[Site "Moscow"]
[Date "2002.01.23"]
[Round "7"]
[White "Ponomariov, R."]
[Black "Ivanchuk, V."]
[Result "1/2-1/2"]
[WhiteElo "2727"]
[BlackElo "2717"]
[Annotator "Wiechert,H"]
[PlyCount "43"]
[EventDate "2002.??.??"]
[SourceDate "2001.10.05"]
[WhiteTeam "Ukraine"]
[BlackTeam "Ukraine"]
[WhiteTeamCountry "UKR"]
[BlackTeamCountry "UKR"]

1. e4 Nf6 {Schwarz muss gewinnen und greift daher zur Aljechin-Verteidigung,
die den Vorzug hat, im Vergleich zu Sizilianisch, Franzoesisch oder Spanisch
nicht so extrem weit ausanalysiert zu sein.} 2. e5 Nd5 3. d4 d6 4. Nf3 Nc6 $6 {
Ein Nebenvariante, die aber keinen guten Ruf besitzt.} (4... Bg4 {oder}) (4...
c6 {sind die Hauptvarianten.}) 5. c4 Nb6 6. e6 $1 {Das ist des Pudels Kern!
Schwarz muss mit dem Bauern nehmen, da sonst der Bauernspiess d4-d5 folgt.}
6... fxe6 7. Nc3 g6 $5 {Will den Koenigslaeufer fianchettieren, wird aber
bereits im CBM 56 als besser fuer Weiss gebrandmarkt! Aber natuerlich setzt
"Chuki" auf den Ueberraschungseffekt.} 8. Be3 {
Fuehrt mit Zugumstellung zur Hauptvariante, die mit} (8. h4 {beginnt.}) 8...
Bg7 9. h4 {Weiss will den Koenigsfluegel des Schwarzen "ausschrotten".} 9...
O-O (9... e5 10. d5 Nb4 11. a3 Na6 12. h5 Bf5 13. hxg6 hxg6 14. Rxh8+ Bxh8 15.
Ng5 Qc8 16. Be2 c6 17. g4 Bd7 18. Qd3 Kd8 19. c5 e4 20. Ncxe4 Nxd5 21. cxd6 $16
{CBM 56-6.e6 fe6 7.Nc3 g6 8.h4/Opening 1996/CBM 56 (21).}) 10. h5 e5 11. d5 Nd4
12. Nxd4 exd4 13. Bxd4 g5 $5 $146 {
Die Neuerung. Ob das Pono auch wusste? Mein Tip: Nein!} (13... Bxd4 14. Qxd4 e5
15. dxe6 Qf6 16. Qxf6 Rxf6 17. hxg6 hxg6 18. Ne4 Rf4 {
1/2-1/2 Lau,R-Fleck,J/Germany 1984/GER-chT (18).}) 14. Bxg7 Kxg7 15. h6+ $1 {
Da liegt der Hund begraben, dem Schwarzen geht es an den Kragen!} 15... Kg8 16.
Qd2 $1 e5 17. Rh5 $1 g4 $6 {Danach kann Weiss die Damen tauschen und mit dem
Turm auf der siebten Reihe eindringen, wonach ein schwarzer Sieg in weite
Ferne rueckt.} (17... Rf4 $5 {bietet immerhin noch Fuddelchancen, man sehe:}
18. g3 Bg4 19. gxf4 Bxh5 20. fxe5 $1 ({Staerker als} 20. fxg5) 20... dxe5 21.
Ne4 $1 g4 22. O-O-O {
mit scharfem Spiel bei allerdings besseren Chancen fuer Weiss.}) 18. Qg5+ $1
Qxg5 19. Rxg5+ Kh8 20. Rg7 {Halten wir einen Moment inne und denken wir an die
alten Meister. Denn wie heisst es doch bei Nimzowitsch ("Mein System", S.63)
so schoen: " ..., bildet das Eindringen in das feindliche Gebiet, vulgo die 7.
und 8. Reihe, die logische Folge des Spiels in einer Linie ... Wir sind daher
geneigt, die 7. und 8. Reihe als Endspielvorteile aufzufassen, dies obwohl
unzaehlige Partien bereits im Mittelspiel durch Operationen in genannten
Reihen entschieden worden sind...Und hernach wird die 7. und 8. Reihe dem
Lernenden nicht bloss ein Matt-Instrument, sondern vielmehr auch eine
scharfgeschliffene Endspielwaffe sein ...". Noch Fragen?} 20... Rf6 21. Rxc7
Rxh6 22. b4 $1 {Weiss steht nun klar besser, und Schwarz kann daher das weisse
Remisangebot schlecht verschmaehen.} (22. b4 a5 (22... Bf5 23. c5 $1 Nd7 24.
Nb5 $1 dxc5 25. bxc5 Rh1 26. Ke2 $1 Nf6 27. Rf7 Be4 28. Rxf6 Bxd5 29. Nd6 $1
Bxg2 30. Rb1 Rb8 31. Rf5 $1 {, und Schwarz kann aufgeben.}) 23. bxa5 $1 Nd7 (
23... Rxa5 $4 24. Rb1 $18) 24. Ne4 {mit klarem Vorteil fuer Weiss.}) 1/2-1/2